000 00467nam a2200133Ia 4500
008 170516s9999 xx 000 0 und d
245 _aArterial spin labeling perfusion-weighted MRI for long-term follow-up of a cerebral arteriovenous malformation after stereotactic radiosurgery
260 _bActa Radiologica Open
260 _c2014
300 _a3:1
650 _xRadiologic Technology
650 _xRadtech
856 _uhttp://journals.sagepub.com/toc/arra/3/1
999 _c332171
_d332171